Personnalités françaises - Mort subite - Statistiques

Statistiques générales
  • Ce quiz a été pris 1 349 fois
  • Le résultat moyen est 11 sur 20
Answers on the Grid
Answers color-coded by a green-red scale on the quiz's grid according to % correct below.
Omar Sy
Pierre Niney
Gilles Bouleau
Nicolas Sarkozy
François Damiens
Stanislas Wawrinka
Antoine Griezmann
Georges Clemenceau
Angèle
Benoît Poelvoorde
Charles Aznavour
Bourvil
Céline Dion
Jean-Luc Reichmann
Kendji Girac
Jean-Claude Van Damme
Christian Clavier
N’Golo Kanté
René Magritte
Marlon Brando
Eden Hazard
Arthur Rimbaud
Jean Marais
Pierre Paul Rubens
Francis Ngannou
Patrick Sébastien
Fabian Frei
George Sand
Gabriel Attal
Michel Platini
David Guetta
Simone Veil
Marilyn Monroe
Harrison Ford
Brad Pitt
Justine Henin
 
Statistiques - réponses
Réponse % Correct
Omar Sy
68%
Nicolas Sarkozy
67%
Pierre Niney
67%
Gabriel Attal
66%
Antoine Griezmann
65%
Patrick Sébastien
64%
Jean-Luc Reichmann
63%
Christian Clavier
62%
David Guetta
62%
Simone Veil
62%
N’Golo Kanté
58%
Kendji Girac
57%
Michel Platini
57%
Charles Aznavour
53%
Georges Clemenceau
53%
Arthur Rimbaud
52%
Gilles Bouleau
51%
Bourvil
50%
George Sand
39%
Jean Marais
33%
Aucun quiz correspondant
Distribution des résultats
% des personnes avec chaque résultat
Percentile par nombre de réponses
Votre historique - résultats
Vous n’avez pas pris ce quiz